00965nam a2200217 i 4500001000700000003000700007005001700014008004100031020002200072080002700094100002700121245022600148260004800374300007400422504003200496600004500528655004000573700003900613710002700652852006800679186207SpMaBN20251014063301.0160919s2015 sp a c |||| |dspa d a978-84-7075-631-3 a76 Bill, Max (083.824)1 aBill, Max, d1908-199410aMax Bill b: [exposición] Fundación Juan March, Madrid, del 16 de octubre de 2015 al 17 de enero de 2016 / cManuel Fontán del Junco, María Toledo (eds.) ; textos de Max Bill, Jakob Bill, Karin Gimmi ... [et al.]. aMadrid : bFundación Juan March, c[2015] a329 p. (1 h. pleg.) : bprincipalmente il. col., fot. ; c27 x 24 cm. aBibliografía: p. 303-317.17aBill, Max, d1908-1994- vExposiciones2 7aCatálogos de exposiciones2tgfbne1 aFontán del Junco, Manuel,d1963-2 aFundación Juan March aES-MaACLjA-13787bR.151008cDEPO1dOlim: N-6787 x- enc. cart.